Gas Chromatographic Techniques and Applications /
Сохранить в:
| Главный автор: | |
|---|---|
| Другие авторы: | |
| Формат: | |
| Язык: | английский |
| Опубликовано: |
Sheffield, Inglaterra : Boca Ratón, EUA :
Sheffield Academic ; CRC Press,
2001, c2001
|
| Серии: | (Sheffield Analytical Chemistry)
|
| Предметы: | |
| Метки: |
Нет меток, Требуется 1-ая метка записи!
|
MARC
| LEADER | 00000nam^a2200000^a^4500 | ||
|---|---|---|---|
| 001 | 000135088 | ||
| 005 | 20250521000000.0 | ||
| 009 | 20260310095229.475 | ||
| 020 | |a 1-84127-118-7 | ||
| 037 | |a Acervo ITESO - Biblioteca | ||
| 041 | |a ING | ||
| 082 | |a 544. 0896 |b HAN | ||
| 100 | |a Handley, Alan J. |e (ed.) | ||
| 245 | 1 | 0 | |a Gas Chromatographic Techniques and Applications / |c Ed. de A.J. Handley, E.R. Adlard. |
| 264 | 4 | |a Sheffield, Inglaterra : |b Sheffield Academic ; |a Boca Ratón, EUA : |b CRC Press, |c 2001, c2001 | |
| 300 | |a XIV, 337 p | ||
| 336 | |a texto |b txt |2 rdacontenido | ||
| 337 | |a sin mediación |b n |2 rdamedio | ||
| 338 | |a volumen |b nc |2 rdasoporte | ||
| 440 | 1 | |a (Sheffield Analytical Chemistry) | |
| 649 | |a XX | ||
| 650 | |a Gases | ||
| 650 | |a Capilaridad | ||
| 650 | |a Cromatografía de Gases | ||
| 650 | |a Cromatografía | ||
| 650 | |a Química Analítica | ||
| 650 | |a Química | ||
| 700 | |a Adlard, Edward R. |e (edición) | ||
| 910 | |a Fondo General | ||
| 920 | |a Impresos - Libros | ||
| 930 | |a Colección General | ||
| 905 | |a 101 | ||
| 901 | |a 0500063980 |b IT1 |c ACC |u 20250521 | ||
| 902 | |a https://opac.biblio.iteso.mx/vufind/Record/000135088 | ||